[Event "Penang Heritage op 16th"]
[Site "Penang"]
[Date "2024.12.25"]
[Round "4"]
[White "Yunusmetov, Hakeem"]
[Black "Mai, Duc Kien"]
[Result "1-0"]
[WhiteElo "1976"]
[BlackElo "1869"]
[PlyCount "81"]
[EventDate "2024.12.23"]
[EventType "swiss"]
[EventRounds "9"]
[EventCountry "MAS"]
[SourceTitle "CB14_2025"]
[SourceDate "2024.11.01"]
[SourceVersion "1"]
[SourceVersionDate "2024.11.01"]
[SourceQuality "1"]

1. d4 Nf6 2. c4 g6 3. Nc3 d5 4. cxd5 Nxd5 5. Na4 Nb6 6. e4 Bg7 7. Be3 0-0 8. Nf3 Nxa4 9. Qxa4 b6 10. Rd1 Bb7 11. Bd3 e6 12. 0-0 Nd7 13. Bg5 Bf6 14. Bf4 a6 15. b4 Rc8 16. Rfe1 Qe7 17. d5 e5 18. Bc1 Bg7 19. Qb3 Kh8 20. a4 h6 21. Ba3 b5 22. axb5 axb5 23. Bxb5 Nb6 24. Bc6 Bxc6 25. b5 Bxd5 26. exd5 Qd7 27. Bxf8 Rxf8 28. Nxe5 Qf5 29. Nc6 Nc8 30. Ne7 Nxe7 31. Rxe7 Be5 32. Qf3 Qxf3 33. gxf3 Bd6 34. Rd7 Rb8 35. Rb1 Be5 36. Rxf7 Kg8 37. Rd7 Kf8 38. Kg2 Ke8 39. Rh7 Kf8 40. Rxh6 Kg7 41. Rh4 1-0